| 000 | 00515nam a2200145Ia 4500 | ||
|---|---|---|---|
| 008 | 140724s9999 xx 000 0 und d | ||
| 050 |
_aHD 58.8 _b.R763 2013 |
||
| 100 | _aRomero, John Joshua G. | ||
| 245 |
_aOrganizational change in Philippine prudential life insurance, Inc. / _cJohn Joshua G. Romero. |
||
| 260 |
_aLas PiƱas, Philippines : _bSouthville International School and Colleges, _cc2013. |
||
| 300 |
_a96 p. : _bill. ; _c28 cm. |
||
| 521 | _aHuman Resource Management | ||
| 942 | _cTH | ||
| 999 |
_c229155 _d229155 |
||